ბათუმის შოთა რუსთაველის სახელმწიფო უნივერსიტეტის ბიბლიოთეკა

Курс общей физики: Электричество. Т.2. (ბიბ.ჩანაწერი № 37165)

000 -LEADER
fixed length control field 00622nam a2200229Ia 4500
001 - CONTROL NUMBER
control field 3121
003 - CONTROL NUMBER IDENTIFIER
control field GE_BSU
008 - FIXED-LENGTH DATA ELEMENTS--GENERAL INFORMATION
fixed length control field 181216s||||||||xx |||||||||||||| ||und||
040 ## - CATALOGING SOURCE
Transcribing agency GE_BSU
080 ## - UNIVERSAL DECIMAL CLASSIFICATION NUMBER
Universal Decimal Classification number 537(075.8)+530
100 ## - MAIN ENTRY--PERSONAL NAME
Personal name Савельев,И.В.
245 ## - TITLE STATEMENT
Title Курс общей физики: Электричество. Т.2.
245 ## - TITLE STATEMENT
Remainder of title Учеб.
245 ## - TITLE STATEMENT
Statement of responsibility, etc. Ред. Е.Б.Кузнецова.
250 ## - EDITION STATEMENT
Edition statement Изд третье.
260 ## - PUBLICATION, DISTRIBUTION, ETC.
Place of publication, distribution, etc. М.
260 ## - PUBLICATION, DISTRIBUTION, ETC.
Name of publisher, distributor, etc. Наука.
260 ## - PUBLICATION, DISTRIBUTION, ETC.
Date of publication, distribution, etc. 1968.
300 ## - PHYSICAL DESCRIPTION
Extent 336 стр. 21 см. с илл.
653 ## - INDEX TERM--UNCONTROLLED
Uncontrolled term Курс общей физики.
942 ## - ADDED ENTRY ELEMENTS (KOHA)
Koha item type წიგნი
ეგზემპლარები
Withdrawn status Lost status Damaged status Not for loan Date acquired Barcode Date last seen Price effective from Koha item type
        2018-12-17 8798 2018-12-17 2018-12-17 წიგნი
        2018-12-17 8797 2018-12-17 2018-12-17 წიგნი
        2018-12-17 8796 2018-12-17 2018-12-17 წიგნი